| 000 | 00570aam a2200229 4500 | ||
|---|---|---|---|
| 005 | 20231011152737.0 | ||
| 008 | 150324b xxu||||| |||| 00| 0 spa d | ||
| 020 | _a9788499087122 | ||
| 041 | _aspa | ||
| 082 | _a158.1 S531m | ||
| 100 |
_aSharma, Robin _943738 |
||
| 245 | _aEl monje que vendió su Ferrari: una fábula espiritual | ||
| 260 | _aEspaña | ||
| 260 | _bDebolsillo | ||
| 260 | _c2017 | ||
| 300 | _a209 páginas | ||
| 650 | _aAUTOREALIZACIÓN | ||
| 650 | _aPSICOLOGÍA | ||
| 650 | _aÉTICA | ||
| 650 | _aCONDUCTA | ||
| 942 |
_cLIT _2ddc |
||
| 999 |
_c9714 _d9714 |
||